000
00251nam a2200109Ia 4500
005
20251222141810.0
008
251222s9999||||xx |||||||||||||| ||spa||
082
_a
838.94/M22A
100
_a
"Mann, Thomás"
245
0
_a
Alteza real: Novela
942
_c
LIB
999
_c
6435
_d
6435